000 00504nam a2200193 a 4500
001 1767860135930
003 YourLibrary
005 20260108150647.0
008 260108s1998##################000#0#eng##
020 _a9780415175050
082 0 4 _a301
_bSTA
100 1 _aStark, Werner,
_eauthor.
245 1 0 _aThe Fundamental Forms of Social Thought :
260 _bRoutledge,
_c1998.
300 _a270 pages
650 0 _aSocial Science.
942 _cENGLISH
040 _aYourLibrary
_beng
_cYourLibrary
999 _c607875
_d607875